Sports Quiz

Random Sports or Grab Bag Quiz

2016 Winning Olympians Grab Bag Quiz Stats

 Plays Quiz not verified by Sporcle

Score 0/36 Timer 06:00
0 Plays Today
Sport Olympian % Correct
Athletics (Men)Usain Bolt
93.8%
Basketball United States of America
89.5%
Basketball United States of America
89%
Swimming (Men)Michael Phelps
82.7%
Volleyball (Indoor)Brazil
79.9%
FootballBrazil
79.5%
TennisAndy Murray
66.1%
FootballGermany
65.8%
Rugby Sevens Fiji
61.3%
HockeyGreat Britain
60.3%
Athletics (Men)Thiago Braz da Silva
57.4%
Athletics (Men)Mohamed Farah
57.1%
Rugby Sevens Australia
55.5%
Gymnastics Simone Biles
53.6%
Volleyball (Indoor)China
44.8%
HandballRussia
44.5%
Athletics (Men)Ashton Eaton
43.7%
GolfJustin Rose
41.8%
Sport Olympian % Correct
HockeyArgentina
36.9%
HandballDenmark
34.7%
Swimming (Men)Adam Peaty
34%
Athletics (Men)Wayde van Niekerk
28.6%
TennisMónica Puig
28.6%
Athletics (Women)Elaine Thompson
26.7%
Athletics (Women)Caster Semenya
25.6%
Athletics (Women)Nafissatou Thiam
22.6%
Cycling (Road)Fabian Cancellara
21.6%
Swimming (Women)Katinka Hosszú
18.1%
GolfInbee Park
16.5%
Gymnastics Kōhei Uchimura
16.3%
Swimming (Women)Lilly King
15.1%
Cycling (Road)Kristin Armstrong
14.9%
Athletics (Women)Shaunae Miller
14.4%
Swimming (Women)Sarah Sjöström
13.1%
Athletics (Women)Tianna Bartoletta
11.8%
Swimming (Men)Ryan Murphy
11%

You're not logged in!

Compare scores with friends on all Sporcle quizzes.
OR
Log In

Sporcle TV

Today on Sporcle TV


Watch our educational content, quiz creation guides, and fun videos on Sporcle TV.

Show Comments

Extras

Top Quizzes Today


Score Distribution

Your Account Isn't Verified!

In order to create a playlist on Sporcle, you need to verify the email address you used during registration. Go to your Sporcle Settings to finish the process.

Report this User

Report this user for behavior that violates our Community Guidelines.

Details: